00980nas a2200241Ia 4500001001100000003000900011008004100020040001300061040001300074041001300087100003800100210002100138222002100159245008100180250001100261260003600272501008600308300001000394310001200404362002600416500026000442650003600702R022/83180IT-RoPAU151124c99999999xx |||||||||||| ||und|| aIT-RoPAU cIT-RoPAU aITALIANO aAA.VV. gCodice Aut. SPICS: 12000 aINFORMAZIONI MCS aInformazioni Mcs aINFORMAZIONI MCS, ANNO 32-N.08 (1989)bInformazioni Mcs, Anno 32-N.08 (1989) a1a ed. aVICENZAbINFORMAZIONI MCSc1989 bPaulus - SPICS - Società San Paolo EM (non-commercial uses only)cCopyright2015 a28 p. aMENSILE aANNO 032, N.08 (1989) aAfrikander di Oliver Schmitz. Belle Speranze di Mike Leigh. Schiavi di Newyork di James Ivory. Talk Radio di Oliver Stone. Azioni Sceniche Religioseicona di Speranza Cristiana. Funzione del Gat Nei Confronti della Famiglia. Critiche della Stampa Sulla Iii aCINEMAvPUBBLICAZIONE PERIODICA